00444 a2200121 4500040000600000082001200006100001700018245004700035260008200082300003900164500006200203856005700265 a0 aPGDIT-2 aSafdar Khan. aOnline registration of NUST cSafdar Khan. aIslamabad :bNUST School of Electrical Engineering & Computer Science,c2000. a35 p. :bill. ;c27 cm. +eCD-ROM. aSupervisors : Maj. M Akbar Iqbal Sandhu, Dr. S M H Zaidi. uhttp://10.250.8.41:8080/xmlui/handle/123456789/13229